[Event "SG Gunzenhausen/Weißenburg 2-SK 1911 Her"]
[Site "?"]
[Date "2013.01.27"]
[Round "1.1"]
[White "Sattler, Stefan"]
[Black "Stephan, Eberhard"]
[Result "1/2-1/2"]
[WhiteElo "2074"]
[BlackElo "1920"]
[PlyCount "100"]
[EventDate "2013.??.??"]
[WhiteTeam "SK 1911 Herzogenaurach e.V. 1"]
[BlackTeam "SG Gunzenhausen/Weißenburg 2"]

1. e4 c6 2. d4 d5 3. f3 g6 4. c3 Bg7 5. Bf4 Qb6 6. Qd2 h5 7. Ne2 Na6 8. Nc1 Bd7
9. a4 c5 10. dxc5 Nxc5 11. a5 Qf6 12. Bg5 Qe5 13. Qxd5 O-O-O 14. Qxe5 Bxe5 15.
Be3 b6 16. Nd3 Nxd3+ 17. Bxd3 Kb7 18. axb6 axb6 19. Nd2 Nf6 20. Bxb6 Ra8 21.
Rxa8 Rxa8 22. Ke2 Ra2 23. Rb1 Bxh2 24. Bd4 e5 25. Bc5 Be6 26. Ba3 h4 27. Bc4
Bxc4+ 28. Nxc4 Nh5 29. Nd6+ Kc6 30. Nxf7 Nf4+ 31. Kf1 Nd3 32. Ng5 Kb5 33. Nh3
Kc4 34. Ke2 Bg3 35. Kd2 g5 36. Ke2 Bf4 37. Nf2 Nc1+ 38. Kd1 Nb3 39. Kc2 Na1+
40. Kd1 Nb3 41. Ke2 Nc1+ 42. Ke1 Nb3 43. Rd1 Na1 44. Kf1 Nc2 45. Ng4 Nxa3 46.
bxa3 Rxa3 47. Nf6 Rxc3 48. Nd5 Rc1 49. Rxc1+ Bxc1 50. Ke2 Kd4 1/2-1/2

[Event "SG Gunzenhausen/Weißenburg 2-SK 1911 Her"]
[Site "?"]
[Date "2013.01.27"]
[Round "1.2"]
[White "Frank, Gerhard"]
[Black "Bock, Helmar"]
[Result "1/2-1/2"]
[WhiteElo "1704"]
[BlackElo "2032"]
[PlyCount "79"]
[EventDate "2013.??.??"]
[WhiteTeam "SG Gunzenhausen/Weißenburg 2"]
[BlackTeam "SK 1911 Herzogenaurach e.V. 1"]

1. d4 Nf6 2. Nf3 g6 3. g3 Bg7 4. Bg2 O-O 5. O-O d6 6. c4 Nbd7 7. Nc3 c6 8. e4
Qc7 9. Qc2 Re8 10. Bd2 e5 11. d5 a5 12. a3 a4 13. Rac1 Nc5 14. Be3 Qa5 15. Nd2
Nfd7 16. Bf3 Rf8 17. Kg2 f5 18. exf5 gxf5 19. dxc6 e4 20. cxd7 exf3+ 21. Nxf3
Bxd7 22. Nd5 Rae8 23. Bd2 Qd8 24. Bc3 Ne4 25. Bxg7 Kxg7 26. Qd3 Bc6 27. Qd4+
Nf6 28. Rce1 Bxd5 29. cxd5 Qa5 30. Rxe8 Rxe8 31. Rd1 Qc5 32. Qxc5 dxc5 33. d6
Nd7 34. Kf1 Kf6 35. h4 b5 36. Ng5 h6 37. Nf3 Re4 38. Ne1 Ke5 39. f4+ Ke6 40.
Nf3 1/2-1/2

[Event "SG Gunzenhausen/Weißenburg 2-SK 1911 Her"]
[Site "?"]
[Date "2013.01.27"]
[Round "1.3"]
[White "Glitz, Martin"]
[Black "Jäger, Peter"]
[Result "1/2-1/2"]
[WhiteElo "1979"]
[BlackElo "1702"]
[PlyCount "75"]
[EventDate "2013.??.??"]
[WhiteTeam "SK 1911 Herzogenaurach e.V. 1"]
[BlackTeam "SG Gunzenhausen/Weißenburg 2"]

1. e4 e5 2. Nf3 Nc6 3. Bb5 a6 4. Ba4 Nf6 5. O-O Be7 6. Re1 b5 7. Bb3 O-O 8. h3
d6 9. c3 h6 10. d4 Nd7 11. d5 Na5 12. Bc2 Nb6 13. Nbd2 f5 14. exf5 Bxf5 15.
Bxf5 Rxf5 16. Ne4 Kh8 17. Ng3 Rf8 18. b3 Qe8 19. Be3 Qf7 20. Bxb6 cxb6 21. Ne4
Nb7 22. b4 Qf4 23. Qe2 Rac8 24. a4 Qf7 25. axb5 a5 26. Qd3 Bd8 27. Re2 Qc7 28.
Nfd2 Qf7 29. Nb3 Qg6 30. bxa5 bxa5 31. Qe3 Rf7 32. b6 Ra8 33. Rea2 Bxb6 34.
Qxb6 Qxe4 35. Nxa5 Qxd5 36. c4 Qc5 37. Qxc5 Nxc5 38. Nc6 1/2-1/2

[Event "SG Gunzenhausen/Weißenburg 2-SK 1911 Her"]
[Site "?"]
[Date "2013.01.27"]
[Round "1.4"]
[White "Strobl, Thomas"]
[Black "Walther, Reinhard"]
[Result "1/2-1/2"]
[WhiteElo "1683"]
[BlackElo "1896"]
[PlyCount "90"]
[EventDate "2013.??.??"]
[WhiteTeam "SG Gunzenhausen/Weißenburg 2"]
[BlackTeam "SK 1911 Herzogenaurach e.V. 1"]

1. e4 d6 2. Nf3 Nf6 3. Nc3 g6 4. h3 Bg7 5. Bc4 O-O 6. O-O c6 7. Bb3 b5 8. d3
Nbd7 9. Be3 Bb7 10. Qd2 Nc5 11. Bh6 a5 12. Bxg7 Kxg7 13. a3 Nxb3 14. cxb3 Qb6
15. Rfe1 e5 16. d4 Rfe8 17. dxe5 dxe5 18. Qg5 h6 19. Qe3 Qxe3 20. Rxe3 Rad8 21.
b4 a4 22. Ree1 Nh5 23. Rad1 f6 24. g3 Kf7 25. Rxd8 Rxd8 26. Rd1 Rxd1+ 27. Nxd1
Ng7 28. Nc3 Bc8 29. h4 Be6 30. Kf1 Ne8 31. Ke2 Nd6 32. Ne1 f5 33. exf5 Bxf5 34.
Nd3 Nc4 35. Nd1 Ke6 36. Ne3 Bxd3+ 37. Kxd3 Nxe3 38. Kxe3 Kd5 39. Kd3 e4+ 40.
Ke3 Kc4 41. Kd2 g5 42. hxg5 hxg5 43. Kc2 Kd5 44. Kd2 Kd4 45. Ke2 Kd5 1/2-1/2

[Event "SG Gunzenhausen/Weißenburg 2-SK 1911 Her"]
[Site "?"]
[Date "2013.01.27"]
[Round "1.5"]
[White "Trockmann, Rafael"]
[Black "Sikorsky, Reinhard"]
[Result "1-0"]
[WhiteElo "1873"]
[BlackElo "1663"]
[PlyCount "85"]
[EventDate "2013.??.??"]
[WhiteTeam "SK 1911 Herzogenaurach e.V. 1"]
[BlackTeam "SG Gunzenhausen/Weißenburg 2"]

1. Nf3 Nf6 2. c4 g6 3. d4 Bg7 4. Nc3 O-O 5. e4 d6 6. Be2 e5 7. dxe5 dxe5 8. O-O
Nc6 9. Be3 Bg4 10. h3 Bxf3 11. Bxf3 a6 12. Nd5 Nxd5 13. cxd5 Nd4 14. Bxd4 exd4
15. Qb3 Qd6 16. Rac1 Rab8 17. Qc4 Be5 18. b3 b5 19. Qd3 Rb6 20. Rc2 f5 21. exf5
gxf5 22. Re2 Qf6 23. Rfe1 Bd6 24. Re6 Qg7 25. Re8 Rb8 26. Rxb8 Rxb8 27. Qxf5
Rf8 28. Qg4 Qxg4 29. Bxg4 b4 30. g3 Bc5 31. Re2 Kg7 32. Kg2 Rf7 33. f4 Re7 34.
Rxe7+ Bxe7 35. Kf3 Kf6 36. Ke4 Bc5 37. Bc8 a5 38. g4 h6 39. h4 Kg6 40. Bf5+ Kf6
41. g5+ hxg5 42. fxg5+ Kg7 43. h5 1-0

[Event "SG Gunzenhausen/Weißenburg 2-SK 1911 Her"]
[Site "?"]
[Date "2013.01.27"]
[Round "1.6"]
[White "Gajewski, Richard"]
[Black "Wolter, Norbert"]
[Result "1/2-1/2"]
[WhiteElo "1617"]
[BlackElo "1842"]
[PlyCount "164"]
[EventDate "2013.??.??"]
[WhiteTeam "SG Gunzenhausen/Weißenburg 2"]
[BlackTeam "SK 1911 Herzogenaurach e.V. 1"]

1. c4 e5 2. Nc3 Bb4 3. Nd5 Ba5 4. b4 c6 5. Ne3 Bxb4 6. Nf3 d6 7. Qb3 Bc5 8. Bb2
Nf6 9. Nc2 Qb6 10. e3 Qxb3 11. axb3 Bf5 12. d3 Nbd7 13. h3 e4 14. dxe4 Bxe4 15.
Ncd4 Bb4+ 16. Kd1 O-O 17. Be2 d5 18. Ba3 Bxa3 19. Rxa3 dxc4 20. Bxc4 Nb6 21.
Be2 Rfd8 22. Kc1 Nbd5 23. Kb2 a6 24. Rc1 Bg6 25. Nd2 Rac8 26. Bf3 Nb4 27. Be2
Ne4 28. Nxe4 Bxe4 29. f3 Bg6 30. Ra4 Nd5 31. e4 Nf4 32. Bf1 b5 33. Rxa6 Rxd4
34. Raxc6 Rcd8 35. Bxb5 Nxg2 36. Rc8 Kf8 37. Rxd8+ Rxd8 38. Rc7 Nf4 39. Bd7 Ne6
40. Bxe6 fxe6 41. Kc3 Bf7 42. b4 Bh5 43. f4 Be2 44. h4 Rd3+ 45. Kc2 Rd4 46. Kc3
Rxe4 47. Rc5 Ke7 48. b5 Bxb5 49. Rxb5 Rxf4 50. h5 Rf5 51. Rb7+ Kf6 52. h6 gxh6
53. Rxh7 Kg5 54. Kd3 Re5 55. Rg7+ Kf4 56. Rf7+ Kg4 57. Rg7+ Kf3 58. Rf7+ Rf5
59. Rh7 h5 60. Rg7 h4 61. Rh7 Rd5+ 62. Kc4 Kg4 63. Rh6 Re5 64. Kd4 Re1 65. Rg6+
Kf3 66. Rf6+ Kg3 67. Rg6+ Kh2 68. Kd3 h3 69. Kd2 Re5 70. Rg4 Kh1 71. Rg3 h2 72.
Rg6 Re4 73. Rg5 Ra4 74. Ke2 Ra1 75. Kf2 Rg1 76. Re5 Ra1 77. Rxe6 Ra2+ 78. Kf3
Ra1 79. Kf2 Rg1 80. Re3 Rg8 81. Re1+ Rg1 82. Re3 Rf1+ 1/2-1/2

[Event "SG Gunzenhausen/Weißenburg 2-SK 1911 Her"]
[Site "?"]
[Date "2013.01.27"]
[Round "1.7"]
[White "Habermann, Manfred"]
[Black "Horndasch, Lulu"]
[Result "1-0"]
[WhiteElo "1835"]
[BlackElo "1583"]
[PlyCount "83"]
[EventDate "2013.??.??"]
[WhiteTeam "SK 1911 Herzogenaurach e.V. 1"]
[BlackTeam "SG Gunzenhausen/Weißenburg 2"]

1. d4 b6 2. c4 Bb7 3. Nc3 e6 4. Nf3 Be7 5. e4 d6 6. Bd3 Nd7 7. Be3 Ngf6 8. h3
h5 9. Qc2 a5 10. O-O-O c5 11. d5 e5 12. g3 Nb8 13. Nh4 Bc8 14. f4 exf4 15. Bxf4
Ng8 16. Nf5 Bf8 17. Nb5 Bxf5 18. exf5 Kd7 19. g4 Kc8 20. g5 a4 21. Qh2 a3 22.
Nxa3 Rxa3 23. bxa3 Kb7 24. h4 Ne7 25. Bxd6 g6 26. Be5 Rg8 27. f6 Nf5 28. Bxf5
gxf5 29. Bxb8 Qxb8 30. Qxb8+ Kxb8 31. d6 Kc8 32. Rd5 Kd7 33. Rhd1 f4 34. Kc2 f3
35. Rf5 Kc6 36. Rfd5 Kd7 37. Kb3 Kc8 38. Rf1 Bxd6 39. Rxd6 Kc7 40. Rd5 Re8 41.
Rxf3 Re4 42. g6 1-0

[Event "SG Gunzenhausen/Weißenburg 2-SK 1911 Her"]
[Site "?"]
[Date "2013.01.27"]
[Round "1.8"]
[White "Angel, Michael"]
[Black "Wellmann, Georg Franz"]
[Result "1/2-1/2"]
[WhiteElo "1236"]
[BlackElo "1829"]
[PlyCount "63"]
[EventDate "2013.??.??"]
[WhiteTeam "SG Gunzenhausen/Weißenburg 2"]
[BlackTeam "SK 1911 Herzogenaurach e.V. 1"]

1. d4 g6 2. c4 Bg7 3. Nc3 c5 4. d5 d6 5. e4 e6 6. Bd3 Bxc3+ 7. bxc3 e5 8. Ne2
Qh4 9. Ng3 Nf6 10. Rb1 b6 11. a4 Bg4 12. Be2 Bd7 13. Bd3 O-O 14. Ra1 Na6 15.
Qd2 Kg7 16. Qg5 Qxg5 17. Bxg5 h6 18. Bd2 Nc7 19. O-O a6 20. f4 h5 21. f5 b5 22.
axb5 axb5 23. fxg6 fxg6 24. cxb5 Rxa1 25. Rxa1 Bxb5 26. c4 Bd7 27. h4 Ra8 28.
Rxa8 Nxa8 29. Bg5 Nb6 30. Nf1 Bc8 31. Nd2 Kf7 32. g3 1/2-1/2